000 00651nam a22002297a 4500
003 OSt
005 20140310182157.0
008 130831t xxu||||| |||| 00| 0 eng d
020 _a051788173x
050 _aTT 635
_b.H34 1995
082 _aHS 646.478
_bH18 1995
100 _aHamilton, Leslie
_916034
245 _aChild's play :
_bquick and easy costumes /
_cLeslie Hamilton
260 _aNew York :
_bRandom House, Inc,
_cc1995.
300 _a168 p. :
_bill. ;
_c23 cm.
500 _a
650 _aChildren's clothing.
_916035
650 _aCostumes.
_916036
650 _aChildren
_xCostume.
_916037
942 _2lcc
_cHS
999 _c10123
_d10123